Library Banner

Upperschool essential mathamtics (Record no. 55919)

MARC details
000 -LEADER
fixed length control field 00470nam a2200181Ia 4500
001 - CONTROL NUMBER
control field 58657
008 - FIXED-LENGTH DATA ELEMENTS--GENERAL INFORMATION
fixed length control field 140507s9999 xx 000 0 und d
020 ## - INTERNATIONAL STANDARD BOOK NUMBER
International Standard Book Number 9780170136624
040 ## - CATALOGING SOURCE
Transcribing agency PK-LaUMT
082 ## - DEWEY DECIMAL CLASSIFICATION NUMBER
Classification number 513
Item number MAT-U
100 ## - MAIN ENTRY--PERSONAL NAME
Personal name Maths, Nelson
245 ## - TITLE STATEMENT
Title Upperschool essential mathamtics
Remainder of title includes qce numeracy
Statement of responsibility, etc Maths, Nelson
260 ## - PUBLICATION, DISTRIBUTION, ETC. (IMPRINT)
Place of publication, distribution, etc Victoria,USA:
Name of publisher, distributor, etc Nelson,
Date of publication, distribution, etc 2008
300 ## - PHYSICAL DESCRIPTION
Extent 238 p.
546 ## - LANGUAGE NOTE
Language note EN
650 ## - SUBJECT ADDED ENTRY--TOPICAL TERM
Topical term or geographic name as entry element Mathematics-textbooks
942 ## - ADDED ENTRY ELEMENTS (KOHA)
Koha item type Books
Holdings
Withdrawn status Lost status Damaged status Not for loan Home library Current library Date acquired Total Checkouts Full call number Barcode Date last seen Price effective from Koha item type
        UMT Main Campus UMT Main Campus 2014-05-07   513 MAT-U 76981 2018-04-09 2014-05-08 Books